| 000 | 00472nam a2200193 a 4500 | ||
|---|---|---|---|
| 001 | 480 | ||
| 003 | CO-ViMGA | ||
| 008 | 141112s2004 ck r 000 u spa d | ||
| 040 |
_aCO-ViMGA _bspa _cCO-ViMGA |
||
| 082 | 0 | 4 | _a823.914 F537 |
| 100 | 1 |
_aFletcher, Jerome _948301 |
|
| 245 | 1 | 0 | _aLa voz perdida del Alfreda |
| 250 | _a4a | ||
| 260 |
_aMadrid : _bS.M, _c1996 |
||
| 300 | _a134 p | ||
| 490 | _aEl barco de vapor, 73 | ||
| 650 | 1 | 4 | _aCUENTOS INGLESES |
| 942 |
_2ddc _cBK |
||
| 999 |
_c12721 _d12721 |
||